Statistiques concernant Que collectionne un ..... ?

Cliquez ici pour prendre le quiz!

Statistiques générales

  • Ce quiz a été pris 115 fois
  • Le résultat moyen est 16 sur 50

Statistiques - réponses

CollectionneursRéponses% Correct
PhilatélisteTimbres poste
85%
CartophileCartes postales
81%
VélocipédisteVélos
75%
LudophileJeux et jouets
62%
LépidoptérophilePapillons
58%
MycophileChampignons
54%
PaléontologueFossiles
53%
AvrilopiscicophilePoissons d'avril
53%
NumismateMonnaies
51%
OvokindersurprisophileOeufs Kinder
51%
PachydermophileEléphants
49%
LatrinapapirophilePapier toilette
48%
HululophileChouettes et Hiboux
45%
VitolphileBagues de cigares
42%
PhonéphileTéléphones
42%
ConchyliophileCoquillages
41%
PyrophileBriquets
39%
CuniculophileLapins, lièvres
39%
Whiscotchphile ou WhiscophileWhiskies et scotchs
38%
XylophileGravures sur bois
37%
HéraldisteBlasons
36%
SaponiphileSavons, savonnettes
35%
ButiculaplasticulophileBouteilles en plastique
34%
HerpétologueReptiles ( serpents ) et amphibiens
31%
SexosécurophilePréservatifs
29%
AilurophileChats
28%
NicophilePaquets de cigarettes ; Cigarettes
24%
CumixaphileAllumettes
23%
ClavissophileClés
23%
CéphaloclastophileCasse-têtes
22%
CapéophileChapeaux
22%
ArctophileOurs en peluche
21%
SuidéphileCochons
19%
PissadouphilePots de chambre
17%
CampanophileCloches
15%
VexillophileDrapeaux et étendards
15%
TyrosémiophileÉtiquettes de fromage
15%
MnémophileSouvenirs
15%
ÉmétoaérosagophileSacs à vomi (non utilisés )
14%
SigillophileSceaux
13%
LucanophileCerfs-volants
12%
UltratrifoliophileTrèfles à quatre feuilles
9%
CochliophileCuillères
8%
PlangonophilePoupées
8%
ÉphécalarophileCalendriers
7%
ScutelliphileEcussons
7%
ChélonéphileTortues
7%
Libellocénophile ou MissuphileMenus
3%
MolafabophileMoulins à café
2%
PépériphilePoivrières
1%

Distribution des résultats

Percentile par nombre de réponses

% des personnes avec chaque résultat

Votre développement - résultats

Vous n’avez pas pris ce quiz